[Event "AUTO-OPEN-168"]
[Site "http://www.queenalice.com/game.php?id=88173"]
[Date "2006.7.21"]
[Round "3"]
[White "Homer"]
[Black "daniel_strutz"]
[Result "0-1"]
[WhiteElo "1912"]
[BlackElo "1905"]

1. d4 Nf6 2. Bg5 Ne4 3. Bh4 g5 4. Bg3 h5 5. f3 Nxg3 6. hxg3 c5 7. dxc5 Qa5+ 8.
c3 Qxc5 9. Qd4 Qxd4 10. cxd4 Bg7 11. e3 Nc6 12. Nc3 d6 13. Bc4 Bd7 14. Nge2 Na5
15. Bd3 Rc8 16. Kf2 e6 17. Rh2 e5 18. dxe5 Bxe5 19. f4 gxf4 20. gxf4 Bf6 21. Rb1
Nc4 22. Bxc4 Rxc4 23. Rd1 Be7 24. Nd5 Rc2 25. Nxe7 Kxe7 26. Rb1 Bg4 27. Re1 Rhc8
28. Kf1 Rxb2 29. Ng3 Rcc2 30. Nxh5 Bxh5 31. Rxh5 Rf2+ 32. Kg1 Rxg2+ 33. Kf1
Rbf2# 0-1

[Event "AUTO-MASTER-68"]
[Site "http://www.queenalice.com/game.php?id=92699"]
[Date "2006.8.4"]
[Round "2"]
[White "Lucascg"]
[Black "daniel_strutz"]
[Result "0-1"]
[WhiteElo "2000"]
[BlackElo "1887"]

1. e4 e6 2. d4 d5 3. exd5 exd5 4. Bd3 Nf6 5. Ne2 Bd6 6. Bg5 O-O 7. Bxf6 Qxf6 8.
O-O Bg4 9. Nd2 Qg5 10. f4 Qh5 11. h3 Bxe2 12. Qxe2 Qxe2 13. Bxe2 Nd7 14. c3 Rfe8
15. Rae1 c6 0-1

[Event "AUTO-MASTER-68"]
[Site "http://www.queenalice.com/game.php?id=92700"]
[Date "2006.8.4"]
[Round "2"]
[White "daniel_strutz"]
[Black "Lucascg"]
[Result "1-0"]
[WhiteElo "1908"]
[BlackElo "1979"]

1. e4 c5 2. c3 d5 3. exd5 Qxd5 4. d4 cxd4 5. Qxd4 Qxd4 6. cxd4 Nf6 7. Nf3 e6 8.
Bd3 Be7 9. O-O O-O 10. Nc3 Nc6 11. a3 Rd8 12. Be3 Nd5 13. Nxd5 exd5 14. Rac1 Bf6
15. h3 Be6 16. Rc2 1-0

[Event "AUTO-MASTER-208"]
[Site "http://www.queenalice.com/game.php?id=102577"]
[Date "2006.9.4"]
[Round "1"]
[White "Nephi_R"]
[Black "daniel_strutz"]
[Result "1-0"]
[WhiteElo "1860"]
[BlackElo "1891"]

1. e4 e6 2. c4 d5 3. cxd5 exd5 4. exd5 Qxd5 5. Nc3 Qd8 6. d4 Nf6 7. Nf3 Be7 8.
Bd3 O-O 9. O-O Nbd7 10. Re1 b6 11. Bg5 Bb7 12. Ne5 h6 13. Bh4 Nd5 14. Nxd7 Qxd7
15. Bxe7 Nxe7 16. Qe2 Rae8 17. Qd2 Nf5 18. d5 Nd6 19. Qf4 a6 20. a4 Re7 21. Rxe7
Qxe7 22. Kf1 Re8 23. Qd2 Qe5 24. g3 Kf8 25. Re1 Qd4 26. Rxe8+ Nxe8 27. Qe3 Qb4
28. Qe2 a5 29. h4 Nf6 30. Bc4 c6 31. dxc6 Bxc6 32. Bb5 Bxb5 33. Qxb5 Qxb5+ 34.
Nxb5 Nd5 35. Ke2 1-0

[Event "AUTO-MASTER-208"]
[Site "http://www.queenalice.com/game.php?id=102578"]
[Date "2006.9.4"]
[Round "1"]
[White "daniel_strutz"]
[Black "Nephi_R"]
[Result "0-1"]
[WhiteElo "1874"]
[BlackElo "1877"]

1. e4 d6 2. f4 Nf6 3. Nc3 g6 4. Nf3 c6 5. Bc4 b5 6. Bb3 Bg7 7. O-O O-O 8. d3 Na6
9. h3 Nc7 10. a4 b4 11. Ne2 a5 12. Ned4 Bd7 13. e5 Nfd5 14. Qe1 Na6 15. exd6
exd6 16. Bxd5 cxd5 17. Qg3 Nc5 18. b3 Rb8 19. Bb2 Ne6 20. Rae1 Nxd4 21. Bxd4
Bxd4+ 22. Nxd4 Qf6 23. Qf2 Kg7 24. f5 g5 25. Ne2 Rb7 26. Ng3 Kh8 27. Nh5 Qc3 28.
Re7 Bc6 29. f6 Qc5 30. d4 Qa7 31. Rfe1 Bd7 32. Qd2 h6 33. h4 Bf5 34. Ng3 Bg6 35.
Rxb7 Qxb7 0-1

[Event "AUTO-MASTER-208"]
[Site "http://www.queenalice.com/game.php?id=102591"]
[Date "2006.9.4"]
[Round "1"]
[White "daniel_strutz"]
[Black "NextFuture"]
[Result "1/2-1/2"]
[WhiteElo "1927"]
[BlackElo "1981"]

1. e4 c5 2. c3 Nf6 3. Qe2 d6 4. Nf3 Nc6 5. g3 e5 6. Bg2 Be7 7. O-O O-O 8. d3 Ne8
9. Ne1 f5 10. f4 exf4 11. Bxf4 g5 12. Be3 Ng7 13. Nd2 Qe8 14. Kh1 Qg6 15. exf5
Bxf5 16. Bd5+ Kh8 17. Ne4 Rae8 18. Ng2 h5 19. Qd2 Ne5 20. Bxg5 Bxg5 21. Nxg5
Bxd3 22. Rxf8+ Rxf8 23. Nh4 Qf6 24. Kg2 Ng4 25. Ngf3 Ba6 26. Re1 b6 27. Qc2 Nf5
28. Nxf5 Qxf5 29. Qxf5 Rxf5 30. c4 Ne5 31. Nh4 Rf6 32. b3 Bc8 33. h3 Bd7 34. Re3
Kg7 1/2-1/2

[Event "AUTO-MASTER-208"]
[Site "http://www.queenalice.com/game.php?id=102592"]
[Date "2006.9.4"]
[Round "1"]
[White "NextFuture"]
[Black "daniel_strutz"]
[Result "1-0"]
[WhiteElo "1989"]
[BlackElo "1929"]

1. e4 Nf6 2. e5 Nd5 3. c4 Nb6 4. Nc3 d6 5. exd6 exd6 6. d4 Be7 7. Bd3 Bf6 8. Be3
O-O 9. Ne4 d5 10. Nxf6+ Qxf6 11. c5 Nc4 12. Bxc4 dxc4 13. Qc2 Be6 14. Ne2 Nc6
15. O-O Nb4 16. Qd2 Nd5 17. Nc3 c6 18. Ne4 Qg6 19. Ng3 f5 20. Bf4 Nxf4 21. Qxf4
Bd5 22. f3 Rae8 23. Rfe1 Re6 24. Rxe6 Qxe6 25. Kf2 Qf7 26. Re1 Qd7 27. Re5 g6
28. h4 Kg7 29. h5 b6 30. cxb6 axb6 31. hxg6 hxg6 32. Qg5 Rf7 33. Nh5+ Kf8 34.
Qh6+ Kg8 35. Qxg6+ Kf8 36. Nf6 Rxf6 37. Qxf6+ 1-0

[Event "AUTO-MASTER-208"]
[Site "http://www.queenalice.com/game.php?id=102593"]
[Date "2006.9.4"]
[Round "1"]
[White "daniel_strutz"]
[Black "Alexsandro"]
[Result "0-1"]
[WhiteElo "1914"]
[BlackElo "1983"]

1. e4 c5 2. c3 d5 3. exd5 Qxd5 4. d4 Nf6 5. Nf3 e6 6. Be2 Nc6 7. O-O cxd4 8.
Nxd4 Nxd4 9. Qxd4 Qxd4 10. cxd4 Bd7 11. Nc3 Bd6 12. Be3 Bc6 13. Rac1 Rc8 14. Nb5
Bb8 15. Rfd1 Nd5 16. a3 h6 17. Bf3 Ke7 18. Kf1 Bxb5+ 19. Kg1 Rxc1 0-1

[Event "AUTO-MASTER-208"]
[Site "http://www.queenalice.com/game.php?id=102594"]
[Date "2006.9.4"]
[Round "1"]
[White "Alexsandro"]
[Black "daniel_strutz"]
[Result "1-0"]
[WhiteElo "2012"]
[BlackElo "1887"]

1. e4 Nf6 2. e5 Nd5 3. d4 d6 4. Nf3 Bf5 5. Bd3 Bxd3 6. Qxd3 e6 7. O-O Nd7 8. c4
N5b6 9. exd6 cxd6 10. Nc3 Be7 11. a4 Rc8 12. b3 Nf6 13. a5 Nbd7 14. Be3 O-O 15.
a6 b6 16. Nb5 Ra8 17. Bf4 d5 18. Rfd1 Nb8 19. Nc7 Nc6 20. Nxa8 Qxa8 21. Qe3 Ne4
22. Rdc1 Bb4 23. Ra2 Na5 24. Rac2 Be7 25. cxd5 exd5 26. Rc7 Bf6 27. Ne5 h6 28.
Nxf7 1-0

[Event "AUTO-MASTER-209"]
[Site "http://www.queenalice.com/game.php?id=103754"]
[Date "2006.9.8"]
[Round "1"]
[White "fatharry"]
[Black "daniel_strutz"]
[Result "1-0"]
[WhiteElo "1952"]
[BlackElo "1901"]

1. e4 e6 2. c4 d5 3. cxd5 exd5 4. exd5 Qxd5 5. Nf3 Nf6 6. d4 Bb4+ 7. Nc3 O-O 8.
Bd3 Re8+ 9. Be3 Nc6 10. O-O Bxc3 11. bxc3 Qh5 12. Qc2 Bg4 13. Ng5 h6 14. Ne4
Nxe4 15. Bxe4 Na5 16. Bf4 f5 17. Bd5+ Kh8 18. f3 Bh3 19. Bxc7 Nc6 20. Bxc6 bxc6
21. gxh3 Qxh3 22. Be5 Qh5 23. Rab1 Re7 24. Qa4 Qg6+ 25. Kh1 Kh7 26. Qa6 Rae8 27.
Rg1 Qe6 28. Rb7 g5 29. Qxa7 Rxb7 30. Qxb7+ Re7 31. Qb3 Qd7 32. Rb1 c5 33. Qb8
Qd5 34. Qh8+ Kg6 35. Rb6+ 1-0

[Event "AUTO-MASTER-209"]
[Site "http://www.queenalice.com/game.php?id=103755"]
[Date "2006.9.8"]
[Round "1"]
[White "daniel_strutz"]
[Black "fatharry"]
[Result "0-1"]
[WhiteElo "1930"]
[BlackElo "1934"]

1. e4 d6 2. f4 e5 3. Nf3 Nc6 4. Bc4 Bg4 5. O-O Nf6 6. Nc3 Nd4 7. d3 Bxf3 8. gxf3
c6 9. fxe5 dxe5 10. f4 Bc5 11. Kh1 exf4 12. Rxf4 O-O 13. Bb3 a5 14. a4 Nxb3 15.
cxb3 Re8 16. Qf1 Re6 17. Nd1 Qd7 18. Nf2 Rd8 19. Rf3 Bxf2 20. Qxf2 Ng4 21. Qb6
Ne5 22. Re3 Nxd3 23. Qxa5 Rg6 24. Qd2 Qg4 25. Rg3 Qxe4+ 26. Kg1 Rxg3+ 27. hxg3
Qd4+ 28. Qe3 Nxc1 29. Qxd4 Ne2+ 0-1

[Event "AUTO-MASTER-209"]
[Site "http://www.queenalice.com/game.php?id=103770"]
[Date "2006.9.8"]
[Round "1"]
[White "daniel_strutz"]
[Black "Bongski"]
[Result "1-0"]
[WhiteElo "1883"]
[BlackElo "1691"]

1. e4 c5 2. c3 g6 3. d4 cxd4 4. cxd4 Bg7 5. Nf3 Nf6 6. Bd3 Nc6 7. O-O d6 8. Nbd2
O-O 9. h3 a6 10. a4 Nb4 11. Bc4 d5 12. exd5 Nfxd5 13. Ne4 Bf5 14. Re1 Rc8 15.
Qb3 Rxc4 16. Qxc4 Bxe4 17. Rxe4 Qc8 18. Qb3 Qc2 19. Qxc2 Nxc2 20. Rb1 f5 21. Re2
Nxd4 22. Nxd4 1-0

[Event "AUTO-MASTER-209"]
[Site "http://www.queenalice.com/game.php?id=103771"]
[Date "2006.9.8"]
[Round "1"]
[White "Bongski"]
[Black "daniel_strutz"]
[Result "1-0"]
[WhiteElo "1925"]
[BlackElo "1921"]

1. e4 Nf6 2. e5 Nd5 3. c4 Nb6 4. d4 d6 5. f4 Bf5 6. Nc3 e6 7. Nf3 Be7 8. Bd3
Bxd3 9. Qxd3 O-O 10. O-O dxe5 11. fxe5 c6 12. Be3 Na6 13. a3 Nc7 14. Rad1 Qe8
15. Ng5 Bxg5 16. Bxg5 Nc8 17. Ne4 Qd7 18. Rf3 Ne8 19. Nc5 Qc7 20. Rdf1 1-0

[Event "AUTO-MASTER-209"]
[Site "http://www.queenalice.com/game.php?id=103772"]
[Date "2006.9.8"]
[Round "1"]
[White "daniel_strutz"]
[Black "bruno_santiago"]
[Result "1/2-1/2"]
[WhiteElo "1915"]
[BlackElo "2061"]

1. e4 e5 2. Nf3 Nc6 3. d4 exd4 4. Nxd4 Bc5 5. Nxc6 Qf6 6. Qf3 dxc6 7. Bd3 Qxf3
8. gxf3 Ne7 9. Be3 Bd6 10. Nd2 f5 11. O-O-O c5 12. Nc4 fxe4 13. Bxe4 Nf5 14.
Bxf5 Bxf5 15. Nxd6+ cxd6 16. Rxd6 O-O 17. Rg1 Bg6 18. f4 b6 19. a4 Rf7 20. a5
Rb7 21. Rg5 Bf7 22. f5 Rab8 23. axb6 axb6 24. f6 g6 25. Re5 Re8 26. Rxe8+ Bxe8
27. h4 Kf7 28. Bg5 b5 29. b3 Rd7 30. Ra6 Rc7 31. c3 Bd7 32. Kd2 Be6 33. Kc2 Bf5+
34. Kb2 c4 35. bxc4 bxc4 36. Rb6 Bd3 1/2-1/2

[Event "AUTO-MASTER-209"]
[Site "http://www.queenalice.com/game.php?id=103773"]
[Date "2006.9.8"]
[Round "1"]
[White "bruno_santiago"]
[Black "daniel_strutz"]
[Result "1-0"]
[WhiteElo "2025"]
[BlackElo "1898"]

1. Nf3 Nf6 2. g3 d5 3. Bg2 g6 4. O-O Bg7 5. d3 O-O 6. c3 c5 7. Bg5 Nc6 8. Nbd2
e5 9. e4 d4 10. Nc4 Qe7 11. a4 Bg4 12. Qd2 Bxf3 13. Bxf3 b6 14. Bh6 Ne8 15. Bxg7
Nxg7 16. Bg2 f5 17. exf5 Rac8 18. fxg6 hxg6 19. Bd5+ Kh7 20. Rae1 Rf5 21. Be4
Rh5 22. f4 Qd6 23. Nxd6 1-0

[Event "vamos amigo!!!"]
[Site "http://www.queenalice.com/game.php?id=107786"]
[Date "2006.9.19"]
[Round "-"]
[White "daniel_strutz"]
[Black "Urko"]
[Result "1-0"]
[WhiteElo "1889"]
[BlackElo "1584"]

1. e4 e5 2. Nf3 d6 3. Bc4 a6 4. Nc3 c6 5. d3 h6 6. O-O b5 7. Bb3 a5 8. a4 b4 9.
Ne2 Na6 10. Be3 Nc5 11. Bxc5 dxc5 12. Nxe5 Be6 13. Bxe6 fxe6 14. Nf4 Ne7 15.
Qh5+ g6 16. Nfxg6 Nxg6 17. Qxg6+ Ke7 18. Nxc6+ Kd7 19. Nxd8 Rxd8 20. f4 Be7 21.
f5 Kc7 22. Qxe6 Bd6 23. f6 Rhf8 24. Rf5 Kc6 25. Rd5 h5 26. e5 Rfe8 27. Rxd6+ Kc7
28. Rc6+ Kb8 29. Rb6+ Ka7 30. Ra6+ Kb7 31. Qc6+ Kb8 32. Ra8# 1-0

[Event "AUTO-MASTER-223"]
[Site "http://www.queenalice.com/game.php?id=123038"]
[Date "2006.10.29"]
[Round "1"]
[White "bohinky"]
[Black "daniel_strutz"]
[Result "1-0"]
[WhiteElo "1972"]
[BlackElo "1905"]

1. d4 Nf6 2. c4 g6 3. Nc3 d5 4. Nf3 Bg7 5. Bg5 c6 6. e3 O-O 7. Bd3 dxc4 8. Bxc4
b5 9. Bd3 Bb7 10. O-O Nbd7 11. Rc1 Qb6 12. Bxf6 Nxf6 13. Ne4 Nxe4 14. Bxe4 f5
15. Qb3+ Kh8 16. Bd3 Bf6 17. Rc5 e5 18. Nxe5 Bxe5 19. Rxe5 Rfe8 20. Rxe8+ Rxe8
21. Qf7 Rd8 22. Rc1 Ba8 23. Rc5 Qb7 24. Qf6+ Kg8 25. Qxd8+ 1-0

[Event "AUTO-MASTER-223"]
[Site "http://www.queenalice.com/game.php?id=123039"]
[Date "2006.10.29"]
[Round "1"]
[White "daniel_strutz"]
[Black "bohinky"]
[Result "0-1"]
[WhiteElo "1893"]
[BlackElo "2038"]

1. e4 d5 2. exd5 Qxd5 3. d4 Nc6 4. Nf3 Bg4 5. c3 O-O-O 6. Nbd2 e5 7. dxe5 Nxe5
8. Be2 Nd3+ 9. Bxd3 Qxd3 10. Qe2 Qxe2+ 11. Kxe2 Re8+ 12. Kd1 Bc5 13. Rf1 Rd8 14.
b4 Bxf3+ 15. gxf3 Bd6 16. h4 Nf6 17. Kc2 Rhe8 18. Nc4 Re2+ 19. Kb3 Be7 20. Be3
Nd5 21. a4 Bf6 22. Rac1 Nxe3 23. fxe3 Bxh4 24. Rh1 g5 25. Rc2 Rxc2 26. Kxc2 Rh8
27. Ne5 f6 28. Ng4 Rf8 29. e4 f5 30. exf5 Rxf5 31. Rh3 Kd7 32. Kd3 c6 33. Ke4
Ke6 34. Ne3 Rf4+ 35. Kd3 Rf7 36. Ng2 Bf2 37. Ke4 Kf6 38. Rh6+ Kg7 39. Rh1 Kg6
40. Rf1 Re7+ 41. Kd3 Bg3 42. Ne3 h5 43. a5 h4 44. Ng4 Re1 0-1

[Event "AUTO-MASTER-223"]
[Site "http://www.queenalice.com/game.php?id=123052"]
[Date "2006.10.29"]
[Round "1"]
[White "Rassend"]
[Black "daniel_strutz"]
[Result "1-0"]
[WhiteElo "2227"]
[BlackElo "1891"]

1. e4 e6 2. d4 d5 3. Nc3 Nf6 4. e5 Nfd7 5. Nf3 c5 6. Bg5 Qb6 7. dxc5 Bxc5 8. Na4
Qa5+ 9. c3 Nc6 10. b4 Bxb4 11. cxb4 Qxb4+ 12. Bd2 Qe4+ 13. Be2 Ncxe5 14. O-O
Nxf3+ 15. Bxf3 Qg6 16. Re1 O-O 17. Bb4 Rd8 18. Be7 Re8 19. Bd6 Nf6 20. Rc1 Bd7
21. Nc5 Bc6 22. Nd3 Nd7 23. Nb4 Rac8 24. Nxc6 bxc6 25. Qa4 Nb6 26. Qxa7 Nc4 27.
Bg3 e5 28. Be2 Nd6 29. Ba6 Ra8 30. Qb6 Nc8 31. Qb7 Ra7 32. Rxe5 1-0

[Event "AUTO-MASTER-223"]
[Site "http://www.queenalice.com/game.php?id=123053"]
[Date "2006.10.29"]
[Round "1"]
[White "daniel_strutz"]
[Black "Rassend"]
[Result "0-1"]
[WhiteElo "1892"]
[BlackElo "2211"]

1. e4 c5 2. c3 Nc6 3. Nf3 d5 4. exd5 Qxd5 5. d4 Bg4 6. Be2 O-O-O 7. O-O e6 8.
Bf4 Nf6 9. h3 cxd4 10. cxd4 Bxf3 11. Bxf3 Qxd4 12. Qxd4 Rxd4 13. Be3 Rb4 14. Rc1
Nd5 15. b3 Nxe3 16. fxe3 Kc7 17. Nd2 Be7 18. a3 Rb5 19. Rc4 Rd8 20. Rd1 Bxa3 21.
Bxc6 bxc6 0-1

[Event "AUTO-MASTER-223"]
[Site "http://www.queenalice.com/game.php?id=123060"]
[Date "2006.10.29"]
[Round "1"]
[White "RIVAS"]
[Black "daniel_strutz"]
[Result "1/2-1/2"]
[WhiteElo "1956"]
[BlackElo "1888"]

1. e4 e6 2. d4 d5 3. e5 c5 4. c3 Qb6 5. Nf3 Bd7 6. Be2 Bb5 7. O-O Bxe2 8. Qxe2
Qa6 9. Qd1 Nd7 10. Re1 Ne7 11. Nbd2 h5 12. Nb3 Nf5 13. Be3 Rc8 14. dxc5 Bxc5 15.
Bxc5 Nxc5 16. Nxc5 Rxc5 17. Nd4 Nxd4 18. Qxd4 Rc4 19. Qd2 Qc6 20. h3 a5 21. Re3
g6 22. Rf3 O-O 23. Qg5 Qc8 24. Rd1 Qd8 25. Rf6 Kg7 26. Rd3 Qe8 27. Rg3 Kh7 28.
Rgf3 Kg7 29. R3f4 Rxf4 30. Rxf4 Qb5 31. Rh4 Rh8 32. g4 Qe2 33. Qf6+ Kg8 34. Qd8+
1/2-1/2

[Event "AUTO-MASTER-223"]
[Site "http://www.queenalice.com/game.php?id=123061"]
[Date "2006.10.29"]
[Round "1"]
[White "daniel_strutz"]
[Black "RIVAS"]
[Result "0-1"]
[WhiteElo "1858"]
[BlackElo "1961"]

1. e4 c5 2. c3 d5 3. exd5 Qxd5 4. d4 e6 5. Nf3 a6 6. Be2 Nf6 7. O-O Nc6 8. dxc5
Bxc5 9. Qxd5 exd5 10. Bf4 O-O 11. Nbd2 Re8 12. Bd3 Ne4 13. Rae1 Bf5 14. Bb1
Bxf2+ 15. Rxf2 Nxf2 16. Rxe8+ Rxe8 17. Kxf2 Bxb1 18. Nxb1 f6 19. Nbd2 Ne5 20.
Nxe5 fxe5 21. Be3 Kf7 22. Nf3 h6 23. h4 Kf6 24. Kg3 Kf5 25. Nd2 b5 26. Kf3 h5
27. a3 Re6 28. Nb3 Kg6 29. Bg5 Re8 30. Ke3 Kf5 31. Nc5 Ra8 32. Nd3 Rc8 33. Nf2
Rc4 34. Kd3 Rc8 0-1